[Event "Open Semana Santa 2023"]
[Site "?"]
[Date "2023.04.09"]
[Round "8.74"]
[White "Lloret Mauri, Jaime"]
[Black "FM Hernandez Leon, Alberto"]
[Result "1/2-1/2"]
[WhiteElo "1989"]
[BlackElo "2218"]
[PlyCount "117"]
[EventDate "2023.??.??"]

1. e4 c5 2. c3 Nf6 3. e5 Nd5 4. d4 cxd4 5. cxd4 d6 6. Bd3 dxe5 7. dxe5 Nc6 8.
Be4 e6 9. Nf3 Qa5+ 10. Bd2 Qb5 11. Nc3 Nxc3 12. Bxc3 Bb4 13. Qc2 Bd7 14. a3
Bxc3+ 15. Qxc3 Rc8 16. Bd3 Qd5 17. Rd1 Ne7 18. Qb4 Qc5 19. Qf4 Qa5+ 20. b4 Qxa3
21. O-O Nd5 22. Qg4 Qxb4 23. Qxg7 Qf8 24. Qg4 Rg8 25. Qh4 h5 26. g3 Qh6 27. h3
Bc6 28. Nd4 Qf4 29. Qxf4 Nxf4 30. Nxc6 bxc6 31. Ba6 Rc7 32. Rd4 Ng6 33. f4 Ne7
34. Rb1 Kf8 35. Rd8+ Kg7 36. Rxg8+ Kxg8 37. Kf2 Nd5 38. Kf3 c5 39. Bc4 Nb6 40.
Ke4 Kg7 41. Ba6 Rd7 42. Rc1 Rd5 43. Bb7 Rd4+ 44. Kf3 c4 45. Be4 Kg8 46. g4
hxg4+ 47. hxg4 Rd2 48. f5 exf5 49. gxf5 Kf8 50. Ra1 Nd7 51. Ke3 Rb2 52. Rxa7
Ke8 53. Kd4 Rd2+ 54. Ke3 Rb2 55. Kd4 Rd2+ 56. Ke3 Rb2 57. Ra8+ Rb8 58. Rxb8+
Nxb8 59. Bd5 1/2-1/2

[Event "Open Semana Santa 2023"]
[Site "?"]
[Date "2023.04.09"]
[Round "8.75"]
[White "Martinez Villena, David"]
[Black "Perea Fruet, Lorenzo"]
[Result "0-1"]
[WhiteElo "1958"]
[BlackElo "2217"]
[Annotator "Usuario"]
[PlyCount "144"]

1. e4 c5 2. Nf3 Nc6 3. d4 cxd4 4. Nxd4 Qb6 5. Nb3 Nf6 6. Nc3 e6 7. Be3 Qc7 8.
a3 a6 9. Be2 Bd6 10. Bb6 Qb8 11. Qd3 O-O 12. g4 Bf4 13. h4 d5 14. g5 Ne5 15.
Qh3 Nxe4 16. Nxe4 dxe4 17. Qg2 Nf3+ 18. Bxf3 exf3 19. Qxf3 Qe5+ 20. Qe2 Qd5 21.
Rg1 e5 22. Rd1 Qe6 23. Be3 Qh3 24. Bxf4 exf4 25. Kd2 Bf5 26. Kc1 Bxc2 27. Kxc2
Rac8+ 28. Kb1 Qxb3 29. Rd4 Rfe8 30. Qd2 Qb5 31. Rd1 f3 32. Qf4 Qb3 33. Qf5 g6
34. Qd3 Qxd3+ 35. R1xd3 Re1+ 36. Ka2 Rc7 37. Rd8+ Kg7 38. Rb8 f5 39. Rxf3 Re4
40. h5 gxh5 41. Rxf5 h4 42. Rff8 Kg6 43. f4 Kh5 44. Rf6 Kg4 45. Rbf8 h3 46. Rh6
Rxf4 47. Rh8 Kxg5 48. Rxh3 Rh4 49. Rg3+ Kh6 50. Rd8 Rg7 51. Rxg7 Kxg7 52. Rd7+
Kf6 53. Rxb7 Rf4 54. b4 h5 55. b5 axb5 56. Rxb5 h4 57. Rb8 h3 58. Rh8 Rf2+ $11
59. Kb3 h2 60. a4 Kg5 61. a5 Kf4 62. Kb4 Kg3 63. a6 Rf4+ 64. Kb5 Rh4 65. Rg8+
Kf2 66. a7 h1=Q 67. a8=Q Qb1+ 68. Kc5 Qb4+ 69. Kc6 Rh6+ 70. Kd5 Rd6+ 71. Ke5
Qd4+ 72. Kf5 Rf6+ 0-1

[Event "Open Semana Santa 2023"]
[Site "?"]
[Date "2023.04.09"]
[Round "8.76"]
[White "Perez Gonzalez, Roberto"]
[Black "FM Yurkovskiy, Ivan"]
[Result "0-1"]
[WhiteElo "1957"]
[BlackElo "2216"]
[PlyCount "66"]

1. e4 d6 2. d4 g6 3. Nc3 Bg7 4. Be3 Nd7 5. Nf3 Ngf6 6. h3 O-O 7. Qd2 c6 8. a4
Rb8 9. Bd3 e5 10. dxe5 dxe5 11. Bxa7 Ra8 12. Be3 b5 13. O-O b4 14. Nb1 c5 15.
Qe2 Bb7 16. Nbd2 Nh5 17. g3 Qe7 18. Nh2 Kh8 19. Nc4 f5 20. exf5 e4 21. fxg6
hxg6 22. Ng4 exd3 23. Qxd3 Be4 24. Qd2 Qe6 25. Bh6 Qxc4 26. Bxg7+ Nxg7 27. Qxd7
Qe2 28. Ne5 Qh5 29. f4 Kh7 30. Rae1 Bf5 31. g4 Qxh3 32. gxf5 Qg3+ 33. Kh1 Rxf5
0-1

[Event "Open Semana Santa 2023"]
[Site "?"]
[Date "2023.04.09"]
[Round "8.77"]
[White "CM Aymerich Verdaguer, Eduard"]
[Black "Fuentes Guinot, Alejandro"]
[Result "1/2-1/2"]
[WhiteElo "2215"]
[BlackElo "2027"]
[PlyCount "138"]

1. d4 Nf6 2. c4 e6 3. Nf3 Bb4+ 4. Nbd2 O-O 5. Qc2 d5 6. g3 b6 7. Bg2 Bb7 8. O-O
Nbd7 9. Rd1 Rc8 10. cxd5 exd5 11. a3 Bd6 12. Nb1 Re8 13. Nc3 a6 14. Bh3 Rb8 15.
Bg5 Nf8 16. Nh4 Ne6 17. Be3 g6 18. Nf3 Qe7 19. Rac1 Rbd8 20. Qb3 Kg7 21. Rd2 h5
22. Ne5 Nxd4 23. Bxd4 Bxe5 24. Bxe5 Qxe5 25. Bg2 b5 26. a4 c6 27. Rcd1 Rd7 28.
e3 Ng4 29. Ne2 Qf6 30. Nf4 Rde7 31. Qb4 Ne5 32. b3 Ng4 33. Qc5 Qe5 34. Nd3 Qe6
35. Nf4 Qe5 36. Nd3 Qf6 37. Nf4 Nh6 38. Ra2 Nf5 39. Rc2 Qd6 40. Qc3+ Qe5 41.
Qc5 h4 42. Nd3 Qd6 43. Qb6 hxg3 44. hxg3 Qd8 45. Qc5 Qd6 46. Qb6 Rb8 47. Nf4
Qe5 48. Nd3 Qd6 49. a5 Rd7 50. Nc5 Re7 51. e4 Nxg3 52. fxg3 Qxg3 53. Nxb7 Rbxb7
54. Qd4+ Kh7 55. Rd3 Qe5 56. Qxe5 Rxe5 57. exd5 cxd5 58. Rxd5 Re3 59. Rh5+ gxh5
60. Bxb7 Rxb3 61. Ra2 b4 62. Bxa6 Rc3 63. Bb7 b3 64. Rb2 Kh6 65. a6 Rc1+ 66.
Kg2 Rc2+ 67. Rxc2 bxc2 68. a7 c1=Q 69. a8=Q Qd2+ 1/2-1/2

[Event "Open Semana Santa 2023"]
[Site "?"]
[Date "2023.04.09"]
[Round "8.78"]
[White "Marin Bellon, Federico"]
[Black "Bermejo Martinez, Jorge"]
[Result "0-1"]
[WhiteElo "1950"]
[BlackElo "2215"]
[PlyCount "94"]

1. e4 c5 2. f4 d5 3. exd5 Qxd5 4. Nc3 Qd8 5. Nf3 Nc6 6. Ne5 e6 7. Qf3 a6 8. b3
Nge7 9. Bb2 Nxe5 10. fxe5 Nc6 11. Ne4 Nd4 12. Qd3 b6 13. c3 Nc6 14. Qxd8+ Kxd8
15. d4 cxd4 16. cxd4 Nb4 17. Kf2 Bb7 18. Ng5 Ke8 19. a3 Rc8 20. Rc1 Rxc1 21.
Bxc1 Nc2 22. Bd3 Nxd4 23. Be3 Nxb3 24. Rb1 Nc5 25. Bxh7 b5 26. Rc1 Be7 27. Rxc5
Bxc5 28. Bxc5 Kd7 29. Be4 Bxe4 30. Nxe4 Kc6 31. Kf3 Kd5 32. Bd6 Rxh2 33. Ng5
Rh1 34. Kf2 f6 35. Nf3 Ra1 36. Bf8 fxe5 37. Ke3 g6 38. g4 e4 39. Nd2 Re1+ 40.
Kf2 Rc1 41. Bb4 Rh1 42. Ke3 Rh3+ 43. Ke2 Kd4 44. Bd6 e5 45. Nf1 Rb3 46. Bb4
Rb2+ 47. Ke1 e3 0-1

[Event "Open Semana Santa 2023"]
[Site "?"]
[Date "2023.04.09"]
[Round "8.79"]
[White "Kocharin, Timur"]
[Black "CM Menac Comas, Joan Ramon"]
[Result "1-0"]
[WhiteElo "2203"]
[BlackElo "2022"]
[Annotator "Usuario"]
[PlyCount "79"]

1. e4 c5 2. Nf3 g6 3. d4 cxd4 4. Nxd4 Nf6 5. Nc3 d6 6. Be3 Bg7 7. f3 O-O 8. Qd2
Nc6 9. O-O-O Bd7 10. g4 Qa5 11. Kb1 Rfc8 12. h4 Ne5 13. h5 Nxf3 14. Nxf3 Rxc3
15. Qxc3 Qxc3 16. bxc3 Nxe4 17. hxg6 hxg6 18. Kc1 Bxg4 19. Bg2 Nxc3 20. Rdf1
Nxa2+ 21. Kd2 Bc3+ 22. Ke2 Nb4 23. Rh4 f5 24. Kf2 Bf6 25. Bg5 Bxg5 26. Nxg5 Rc8
27. Rh7 Rxc2+ 28. Kg1 Be2 29. Rb1 a5 30. Rxe7 d5 31. Re1 Bd3 32. Rxb7 Be4 33.
Bxe4 dxe4 34. Ne6 Nd3 35. Reb1 Nb4 36. Rg7+ Kh8 $11 37. Rb3 Rc1+ 38. Kg2 Rc2+
39. Kf1 Rh2 40. Rc3 1-0

[Event "Open Semana Santa 2023"]
[Site "?"]
[Date "2023.04.09"]
[Round "8.80"]
[White "CM Balague Camps, Marc"]
[Black "Follana Albelda, Lucia"]
[Result "1-0"]
[WhiteElo "2187"]
[BlackElo "2018"]
[PlyCount "71"]

1. d4 Nf6 2. c4 e6 3. Nf3 d5 4. cxd5 exd5 5. Nc3 c6 6. Bf4 Be7 7. e3 O-O 8. Qc2
Re8 9. Bd3 Nbd7 10. O-O Nf8 11. a3 a5 12. h3 Ne6 13. Bh2 h6 14. Ne5 c5 15. dxc5
Bxc5 16. Bb5 Re7 17. Rad1 d4 18. Qa4 Qb6 19. Nc4 Qa7 20. exd4 Nxd4 21. Be5 Bf5
22. Rd2 Nxb5 23. Nxb5 Qa6 24. Nc7 Rxc7 25. Bxc7 b5 26. Qxa5 Qc6 27. Ne5 Qe8 28.
Qxa8 Qxa8 29. Rd8+ Qxd8 30. Bxd8 Bd4 31. Nc6 Bc5 32. Ne7+ Bxe7 33. Bxe7 Bd3 34.
Bxf6 Bxf1 35. Kxf1 gxf6 36. Ke2 1-0

[Event "Open Semana Santa 2023"]
[Site "?"]
[Date "2023.04.09"]
[Round "8.81"]
[White "Correas Gonzalez, Jose Ramon"]
[Black "CM Ribera Veganzones, Serni"]
[Result "1/2-1/2"]
[WhiteElo "1942"]
[BlackElo "2195"]
[PlyCount "58"]

1. e4 c6 2. d4 d5 3. e5 c5 4. c3 Nc6 5. Be2 a6 6. Be3 cxd4 7. cxd4 Bf5 8. Nc3
e6 9. Nf3 Nge7 10. O-O Bg6 11. Nh4 Nc8 12. g3 Be7 13. Nxg6 hxg6 14. Bd3 b5 15.
Ne2 Nb6 16. b3 Nb4 17. Bb1 Rc8 18. a3 Nc6 19. Qd3 Kd7 20. f4 Qc7 21. Ra2 Qb7
22. Kg2 Rhg8 23. Ng1 f5 24. Nf3 Rc7 25. h4 Rf8 26. Bd2 Bd8 27. Rh1 Rh8 28. Kf2
Ne7 29. Ng5 Ng8 1/2-1/2

[Event "Open Semana Santa 2023"]
[Site "?"]
[Date "2023.04.09"]
[Round "8.82"]
[White "FM Cano Gimenez, Vicente"]
[Black "Villar Piriz, Adrian"]
[Result "1-0"]
[WhiteElo "2180"]
[BlackElo "1992"]
[PlyCount "69"]

1. Nf3 Nf6 2. g3 g6 3. Bg2 Bg7 4. O-O O-O 5. c4 c5 6. Nc3 d5 7. cxd5 Nxd5 8.
Nxd5 Qxd5 9. d3 Nc6 10. Be3 Qd6 11. Rc1 b6 12. d4 Bf5 13. dxc5 Qxd1 14. Rcxd1
Bxb2 15. Nh4 Rac8 16. Nxf5 gxf5 17. cxb6 axb6 18. Bxb6 Nb4 19. a4 Rc2 20. e3 e5
21. a5 e4 22. Bh3 Re8 23. Bxf5 Re5 24. Bd7 Nd5 25. Bd8 Nc3 26. a6 Ne2+ 27. Kg2
Bc3 28. Ra1 Bxa1 29. Rxa1 Rd5 30. a7 Rdd2 31. a8=Q Nf4+ 32. exf4 Rxf2+ 33. Kh3
h5 34. Bf6+ Kh7 35. Bf5+ 1-0

[Event "Open Semana Santa 2023"]
[Site "?"]
[Date "2023.04.09"]
[Round "8.83"]
[White "FM Tytynnik, Artem"]
[Black "Morato Tent, Francisco"]
[Result "1-0"]
[WhiteElo "2164"]
[BlackElo "1975"]
[PlyCount "57"]

1. d4 f5 2. g3 g6 3. Bg2 Bg7 4. Nf3 Nf6 5. O-O O-O 6. c4 d6 7. Nc3 Nc6 8. d5
Ne5 9. Nxe5 dxe5 10. Qb3 e6 11. dxe6 Bxe6 12. Qxb7 Rb8 13. Qxa7 Bxc4 14. b3 Qd4
15. Be3 Qxc3 16. Rac1 Qb2 17. Rxc4 Rbc8 18. Bb7 Rcd8 19. Rxc7 Ne8 20. Rc8 Nf6
21. Rxd8 Rxd8 22. Qb6 Rf8 23. Bc5 Re8 24. Bc6 Rc8 25. Rd1 h6 26. Qb7 Rxc6 27.
Qxc6 Qxe2 28. Rd6 Ne4 29. Qc8+ 1-0

[Event "Open Semana Santa 2023"]
[Site "?"]
[Date "2023.04.09"]
[Round "8.85"]
[White "Serrano Almendros, Alejandro"]
[Black "Fernandez Fernandez, Juan Carlos"]
[Result "1-0"]
[WhiteElo "2151"]
[BlackElo "1953"]
[PlyCount "57"]

1. e4 c6 2. d4 d5 3. f3 dxe4 4. fxe4 e5 5. Nf3 Bg4 6. Bc4 Nd7 7. O-O Ngf6 8. c3
Bd6 9. Qb3 O-O 10. Qxb7 Bxf3 11. gxf3 Rb8 12. Qxc6 Nb6 13. Be2 Rc8 14. Qb5 exd4
15. cxd4 Nfd5 16. Nc3 a6 17. Qd3 Nf4 18. Bxf4 Bxf4 19. Rf2 Rc6 20. Bf1 Qh4 21.
Qe2 Nc4 22. Nd5 Rg6+ 23. Kh1 Rc8 24. Rg2 Rcc6 25. Qf2 Qxf2 26. Ne7+ Kf8 27.
Nxg6+ Rxg6 28. Rxf2 Nd2 29. Rd1 1-0

[Event "Open Semana Santa 2023"]
[Site "?"]
[Date "2023.04.09"]
[Round "8.86"]
[White "Robledo Sanchez, Saul"]
[Black "Hernandez Leon, Sergio"]
[Result "0-1"]
[WhiteElo "1931"]
[BlackElo "2151"]
[PlyCount "122"]

1. e4 g6 2. d4 Bg7 3. Nc3 c6 4. Nf3 d5 5. exd5 cxd5 6. Bb5+ Nc6 7. O-O Bg4 8.
h3 Bxf3 9. Qxf3 e6 10. Re1 Nge7 11. Bg5 O-O 12. Bxc6 bxc6 13. Bxe7 Qxe7 14. Qd3
Rab8 15. b3 Qb4 16. Ne2 c5 17. c3 Qa3 18. dxc5 Rfc8 19. Qg3 Qxc5 20. Rac1 Qa5
21. Rc2 Rb6 22. Qe3 Rbc6 23. Rec1 e5 24. Qd3 d4 25. cxd4 Rxc2 26. Rxc2 Rxc2 27.
Qxc2 exd4 28. Nc1 Qe1+ 29. Kh2 Qc3 30. Qd1 Qb2 31. Kg1 Qa1 32. Qf1 h5 33. a4
Qb1 34. Nd3 Qxb3 35. Nc5 Qc2 36. Qb5 a6 37. Qe8+ Kh7 38. Ne4 Qc1+ 39. Kh2 f5
40. Ng3 h4 41. Ne2 Qe1 42. Qe7 Qxf2 43. Ng1 Qf4+ 44. Kh1 Qe4 45. Qd7 Qe1 46.
Kh2 Kh6 47. Qd8 Qf2 48. Nf3 Be5+ 49. Kh1 Qf1+ 50. Ng1 Qe1 51. Qf8+ Bg7 52. Qd8
Kh7 53. Kh2 Qe5+ 54. Kh1 Bf6 55. Qf8 d3 56. Nf3 Qa1+ 57. Kh2 Be5+ 58. Nxe5
Qxe5+ 59. Kh1 d2 60. Qf7+ Qg7 61. Qd5 Qa1+ 0-1

[Event "Open Semana Santa 2023"]
[Site "?"]
[Date "2023.04.09"]
[Round "8.87"]
[White "Arce Gonzalez, Dario"]
[Black "Nunez Miranda, Adrian"]
[Result "1/2-1/2"]
[WhiteElo "1908"]
[BlackElo "2142"]
[PlyCount "38"]

1. e4 c5 2. Nf3 Nc6 3. d4 cxd4 4. Nxd4 Nf6 5. Nc3 e5 6. Ndb5 d6 7. Bg5 a6 8.
Na3 b5 9. Nd5 Be7 10. Bxf6 Bxf6 11. c3 O-O 12. Nc2 Bg5 13. a4 bxa4 14. Rxa4 a5
15. Bc4 Rb8 16. b3 Kh8 17. O-O Ne7 18. Nce3 Bxe3 19. Nxe3 f5 1/2-1/2

[Event "Open Semana Santa 2023"]
[Site "?"]
[Date "2023.04.09"]
[Round "8.88"]
[White "Salvador Lopez, Daniel"]
[Black "Oreshkin, Vladislav"]
[Result "1-0"]
[WhiteElo "2128"]
[BlackElo "1943"]
[PlyCount "59"]
[EventDate "2023.??.??"]

1. d4 Nf6 2. Bg5 e6 3. Nd2 c5 4. c3 Be7 5. Bxf6 Bxf6 6. dxc5 Na6 7. Ne4 O-O 8.
e3 Be7 9. Bxa6 bxa6 10. Nd6 Qc7 11. b4 a5 12. a3 Ba6 13. Ne2 Bxe2 14. Kxe2 f5
15. Qd3 Rab8 16. Rhd1 Bf6 17. g3 Rbd8 18. Qc4 Kh8 19. Rd3 g5 20. Rad1 Qc6 21.
e4 fxe4 22. Qxe4 Qa4 23. Nb7 d5 24. cxd6 Rc8 25. d7 Rxc3 26. d8=Q Bxd8 27. Rxd8
Rxd8 28. Qe5+ Kg8 29. Qxe6+ Kf8 30. Rxd8+ 1-0

[Event "Open Semana Santa 2023"]
[Site "?"]
[Date "2023.04.09"]
[Round "8.89"]
[White "Cano Mateos, Pablo"]
[Black "Suarez Hernan, Santiago"]
[Result "1/2-1/2"]
[WhiteElo "2112"]
[BlackElo "1917"]
[Annotator "Usuario"]
[PlyCount "72"]

1. e4 c6 2. Nc3 d5 3. Nf3 Bg4 4. h3 Bxf3 5. Qxf3 Nf6 6. exd5 cxd5 7. d4 Nc6 8.
Bb5 e6 9. Bg5 Bd6 10. O-O-O a6 11. Bxc6+ bxc6 12. g4 Rb8 13. Bf4 Bxf4+ 14. Qxf4
O-O 15. g5 Nd7 16. h4 Qb6 17. b3 Qb4 18. Rh3 c5 19. Qd6 cxd4 20. Qxb4 Rxb4 21.
a3 Rb6 22. Rxd4 Rc8 23. f4 Rbc6 24. Kb2 Nc5 25. Rd2 Nb7 26. f5 Nd6 27. fxe6
fxe6 28. h5 Nf5 29. Rf3 g6 30. hxg6 hxg6 31. Rh3 Kf7 $11 32. Rh7+ Kg8 33. Rh3
Kf7 34. Rdh2 Ke7 35. Rd3 Kf7 36. Rdh3 Ke7 1/2-1/2

[Event "Open Semana Santa 2023"]
[Site "?"]
[Date "2023.04.09"]
[Round "8.90"]
[White "Sanjuan Segura, Ignacio"]
[Black "Gonzalez Castillo, Jose Javier"]
[Result "1-0"]
[WhiteElo "1902"]
[BlackElo "2107"]
[PlyCount "87"]

1. Nf3 d5 2. b3 Nc6 3. Bb2 Bg4 4. d4 f6 5. Nbd2 Qd7 6. h3 Bh5 7. e3 O-O-O 8. a3
e6 9. c4 Re8 10. Be2 g5 11. b4 dxc4 12. Nxc4 Kb8 13. Qd2 Bg6 14. O-O-O Nce7 15.
Bd3 Nd5 16. Bxg6 hxg6 17. Qd3 Nge7 18. Kb1 Rh6 19. g3 Nc8 20. e4 Ndb6 21. Ne3
Rh8 22. e5 Bg7 23. exf6 Bxf6 24. Ng4 Rhf8 25. Qxg6 Bh8 26. Qd3 Qd5 27. Nfe5 Rd8
28. Rhe1 Na4 29. Ba1 Bxe5 30. Rxe5 Qg2 31. Qe4 Qxe4+ 32. Rxe4 Nd6 33. Rxe6 Nc4
34. Rd3 Rh8 35. Ne5 Nxe5 36. Rxe5 Rxh3 37. Rxg5 a6 38. d5 Rh2 39. Bd4 Re8 40.
Re3 Rd8 41. Rg7 Rh1+ 42. Kc2 Rf1 43. Ree7 Rc8 44. Kd2 1-0

[Event "Open Semana Santa 2023"]
[Site "?"]
[Date "2023.04.09"]
[Round "8.91"]
[White "Pons Morro, Mateo"]
[Black "Duller Llopis, Jouke"]
[Result "1-0"]
[WhiteElo "2105"]
[BlackElo "1889"]
[PlyCount "37"]

1. e4 e6 2. d4 d5 3. Nc3 Nf6 4. e5 Nfd7 5. Nce2 c5 6. c3 Nc6 7. Nf3 Qb6 8. g3
Be7 9. Bg2 O-O 10. O-O f6 11. Bh3 Nd8 12. Nf4 f5 13. dxc5 Nxc5 14. Nd4 Nf7 15.
Re1 Bd7 16. Bxf5 exf5 17. e6 Nxe6 18. Ndxe6 Rfe8 19. Nxd5 1-0

[Event "Open Semana Santa 2023"]
[Site "?"]
[Date "2023.04.09"]
[Round "8.92"]
[White "CM Luke Brezmes, Cristofer"]
[Black "Garbezza, Davide"]
[Result "0-1"]
[WhiteElo "2095"]
[BlackElo "1879"]
[PlyCount "52"]

1. e4 c6 2. d4 d5 3. f3 e6 4. Nc3 Bb4 5. Nge2 b6 6. a3 Be7 7. e5 Ba6 8. Be3 c5
9. Qd2 Nc6 10. a4 Na5 11. b3 c4 12. Ng3 Bb4 13. Kf2 Rc8 14. Qe1 Bxc3 15. Qxc3
cxb3 16. Qb4 Rxc2+ 17. Kg1 Bxf1 18. Nxf1 Qc7 19. Rb1 Ne7 20. Bg5 Nec6 21. Qe1
Nxd4 22. Ng3 O-O 23. h3 Re8 24. Qe3 Qc3 25. Qf4 b2 26. Kh2 Nxf3+ 0-1

[Event "Open Semana Santa 2023"]
[Site "?"]
[Date "2023.04.09"]
[Round "8.93"]
[White "FM Lacrosse, Marc"]
[Black "Perez Epinin, Gines"]
[Result "1/2-1/2"]
[WhiteElo "2081"]
[BlackElo "1861"]
[Annotator "Usuario"]
[PlyCount "52"]

1. d4 Nf6 2. c4 g6 3. Nc3 d5 4. cxd5 Nxd5 5. e4 Nxc3 6. bxc3 Bg7 7. Be3 c5 8.
Rc1 O-O 9. Qd2 Qa5 10. Nf3 Rd8 11. Be2 cxd4 12. cxd4 Qxd2+ 13. Nxd2 Nc6 14. d5
Nd4 15. Bc4 e6 16. Nb3 b5 17. Nxd4 bxc4 18. Nc6 Rd7 19. Rxc4 exd5 20. exd5 Ba6
21. Rc1 Re8 22. h4 f5 23. g3 Bd3 24. Nb4 Be4 25. O-O a5 26. Na6 Be5 $11 1/2-1/2

[Event "Open Semana Santa 2023"]
[Site "?"]
[Date "2023.04.09"]
[Round "8.94"]
[White "Paragua, Megan Althea"]
[Black "Cayon Pelaez, Pablo"]
[Result "0-1"]
[WhiteElo "1900"]
[BlackElo "2079"]
[PlyCount "62"]

1. e4 e5 2. d4 exd4 3. Qxd4 Nc6 4. Qe3 Nf6 5. Nc3 Bb4 6. Bd2 O-O 7. O-O-O d6 8.
f3 Re8 9. Bc4 Ne5 10. Bb3 a5 11. a3 Bc5 12. Qe1 b5 13. a4 b4 14. Nd5 Nxd5 15.
Bxd5 c6 16. Ba2 Qb6 17. Bf4 Ba6 18. Nh3 b3 19. Bxb3 Nd3+ 20. Rxd3 Bxd3 21. Qh4
d5 22. Rd1 Bc4 23. Bxc4 dxc4 24. Rd7 Ra7 25. Rxa7 Qxa7 26. Qh5 c3 27. Qh4 cxb2+
28. Kb1 Bd4 29. Qe1 Qc5 30. Qd2 Qa3 31. c3 Rb8 0-1

[Event "Open Semana Santa 2023"]
[Site "?"]
[Date "2023.04.09"]
[Round "8.95"]
[White "Lacamara Pasamar, Miguel"]
[Black "WIM Varela La Madrid, Tilsia Carolin"]
[Result "1/2-1/2"]
[WhiteElo "1807"]
[BlackElo "2078"]
[PlyCount "89"]

1. e4 e5 2. Nf3 Nc6 3. Bc4 Bc5 4. c3 Nf6 5. d4 exd4 6. b4 Bb6 7. e5 d5 8. exf6
dxc4 9. b5 Na5 10. Qe2+ Be6 11. fxg7 Rg8 12. Nxd4 Rxg7 13. Nxe6 fxe6 14. Qh5+
Rf7 15. O-O Qf6 16. Bg5 Bxf2+ 17. Kh1 Qg6 18. Qxg6 hxg6 19. Nd2 Bc5 20. Rfe1
Rf5 21. Nf3 Kf7 22. Bh4 Rh8 23. Ng5+ Kg8 24. g4 Rd5 25. Nf3 Rd3 26. Bf6 Rxf3
27. Bxh8 Kxh8 28. Rxe6 Kg7 29. Kg2 Rxc3 30. Rf1 Re3 31. Rxe3 Bxe3 32. Re1 Bf4
33. h4 c3 34. Kf3 g5 35. hxg5 Bxg5 36. Re5 Kg6 37. Rc5 c6 38. bxc6 Nxc6 39.
Rxc3 Bf6 40. Rc5 Ne5+ 41. Ke4 Nxg4 42. Rc7 Nf2+ 43. Kd5 Nd1 44. Rxb7 Nc3+ 45.
Kc4 1/2-1/2

[Event "Open Semana Santa 2023"]
[Site "?"]
[Date "2023.04.09"]
[Round "8.96"]
[White "Campos Busquiel, Alejandro"]
[Black "WFM Guillo Longares, Cecilia"]
[Result "1-0"]
[WhiteElo "1730"]
[BlackElo "2078"]
[Annotator "Usuario"]
[PlyCount "97"]

1. d4 Nf6 2. Bf4 c5 3. e3 g6 4. Nf3 Bg7 5. c3 b6 6. Nbd2 Bb7 7. Be2 O-O 8. O-O
d6 9. h3 Nbd7 10. Re1 a6 11. a4 Ra7 12. Bf1 Qa8 13. Rb1 Ne4 14. Nxe4 Bxe4 15.
Ra1 Nf6 16. Nd2 Bc6 17. f3 d5 18. Be5 Bh6 19. Bd3 $11 Nd7 20. Bg3 Bg7 21. Rb1
e5 22. dxe5 Nxe5 23. Bc2 Qd8 24. e4 Rd7 25. Qe2 d4 26. cxd4 Rxd4 27. Red1 Qc8
28. a5 Bb5 29. Qe3 bxa5 30. Nb3 Nc4 31. Qe1 Rxd1 32. Rxd1 a4 33. Nc1 Nxb2 34.
Rd5 Bc4 35. Rd6 Bd4+ 36. Kh1 a3 37. Nb3 Bxb3 38. Bxb3 Qb7 39. Ba2 Nd3 40. Qd2
Nb4 41. Bc4 a2 42. Bxa2 Qb5 43. h4 Kg7 44. Bf4 Qf1+ 45. Kh2 Qg1+ 46. Kh3 Kg8
47. Bc4 Bf2 48. Bh2 Qe1 49. Qh6 1-0

[Event "Open Semana Santa 2023"]
[Site "?"]
[Date "2023.04.09"]
[Round "8.97"]
[White "Abreu Sanchez, Leonel Jesus"]
[Black "Donate Moreno, Silvia"]
[Result "0-1"]
[WhiteElo "1667"]
[BlackElo "2077"]
[PlyCount "60"]

1. Nf3 Nf6 2. c4 e6 3. Nc3 d5 4. cxd5 exd5 5. d4 c6 6. Bg5 Be7 7. Qc2 Bg4 8.
Ne5 Be6 9. e3 Nbd7 10. Bd3 h6 11. Bf4 O-O 12. O-O Nxe5 13. Bxe5 Nd7 14. Bf4 f5
15. Ne2 Nb6 16. Be5 Qe8 17. Nf4 Bd7 18. g4 Qf7 19. Nh5 g6 20. Nf4 Nc4 21. Kh1
Bg5 22. Rg1 Nxe5 23. dxe5 Bxf4 24. exf4 fxg4 25. Bxg6 Qxf4 26. Rae1 Be6 27. Bh5
Bf5 28. Qc1 Be4+ 29. Rxe4 Qxe4+ 30. f3 Qxf3+ 0-1

[Event "Open Semana Santa 2023"]
[Site "?"]
[Date "2023.04.09"]
[Round "8.98"]
[White "CM Bazilius, Augustinas"]
[Black "Lacomba Piqueras, Andres"]
[Result "1-0"]
[WhiteElo "2073"]
[BlackElo "1807"]
[PlyCount "47"]

1. d4 Nf6 2. c4 e6 3. Nf3 b6 4. a3 Bb7 5. Nc3 d5 6. cxd5 Nxd5 7. Qc2 c5 8. e4
Nf6 9. Bg5 h6 10. Bb5+ Nbd7 11. Bxf6 gxf6 12. O-O-O a6 13. Bxd7+ Qxd7 14. dxc5
Qc6 15. cxb6 Qxb6 16. Qa4+ Bc6 17. Qd4 Bc5 18. Qxf6 Rf8 19. Nd4 Bd7 20. Nf5
exf5 21. Qe5+ Be7 22. Qxe7+ Kxe7 23. Nd5+ Ke6 24. Nxb6 1-0

[Event "Open Semana Santa 2023"]
[Site "?"]
[Date "2023.04.09"]
[Round "8.99"]
[White "Advaitt Srikant Koduri"]
[Black "Justiniano Marquez, Marco Antoni"]
[Result "1/2-1/2"]
[WhiteElo "1630"]
[BlackElo "2068"]
[Annotator "Usuario"]
[PlyCount "46"]

1. d4 d6 2. Nf3 Bg4 3. Bf4 Bxf3 4. gxf3 Nd7 5. c3 c6 6. e3 Qb6 7. Qb3 Ngf6 8.
Nd2 Nh5 $11 9. Bg3 Qxb3 10. axb3 Nxg3 11. hxg3 a6 12. b4 Rc8 13. f4 d5 14. e4
dxe4 15. Nxe4 e6 16. Bg2 Be7 17. O-O h6 18. Rfe1 O-O 19. Nc5 Nxc5 20. bxc5 Rc7
21. Ra3 h5 22. Rb3 Rd8 23. Ra1 g6 1/2-1/2

[Event "Open Semana Santa 2023"]
[Site "?"]
[Date "2023.04.09"]
[Round "8.100"]
[White "Andries, Alf"]
[Black "Kiryttopoulos, Ioannis"]
[Result "1-0"]
[WhiteElo "2067"]
[BlackElo "1620"]
[Annotator "Usuario"]
[PlyCount "135"]
[EventDate "2023.??.??"]

1. e4 c5 2. Nf3 Nc6 3. Bb5 g6 4. Bxc6 dxc6 5. h3 Bg7 6. d3 e5 7. Be3 Ne7 8.
Bxc5 O-O 9. O-O b6 10. Be3 c5 11. Nc3 Bb7 12. Qd2 f5 13. Bh6 Qd6 14. Bxg7 Kxg7
15. Qe2 f4 16. a4 Nc6 17. Nb5 Qe7 18. c3 Rad8 19. Rfd1 Rfe8 20. Na3 Ba6 21. Nc4
Rd7 22. b3 Red8 23. Ne1 Qe6 24. Kh2 Rb8 25. Qc2 Rbd8 26. Qe2 Rb8 27. Nf3 Rbd8
28. g3 Qf6 29. Kg2 Re7 $11 30. Rh1 Na5 31. Rab1 Nxc4 32. dxc4 Bb7 33. Rhd1 Red7
34. Rxd7+ Rxd7 35. Rb2 fxg3 36. fxg3 Re7 37. Rd2 Qc6 38. Rd5 Qe6 39. Rd3 Qc6
40. Nd2 Rd7 $11 41. Qe3 Qc7 42. Nf3 Re7 43. Nd2 Rd7 44. Nf3 Re7 45. Kh2 h6 46.
Kg2 Qc6 47. Nd2 Rd7 48. Qe2 Qc7 49. Nf3 Re7 $11 50. Qe3 Qc6 51. Nd2 Rd7 52. Kh2
Qc7 53. Rxd7+ Qxd7 54. Kg2 Qc6 55. Qd3 Qc7 56. Nf1 Qc6 57. Nd2 Qc7 58. Kf2 Bc8
59. g4 Qe7 60. Nf3 Kf6 61. Qd1 g5 62. h4 Kg6 63. Qd5 Kf6 64. hxg5+ hxg5 65. Qg8
Be6 66. Qxg5+ Kf7 67. Nxe5+ Ke8 68. Qh5+ 1-0

[Event "Open Semana Santa 2023"]
[Site "?"]
[Date "2023.04.09"]
[Round "8.101"]
[White "Herrera Pezo, Enoch"]
[Black "CM Ribera Veganzones, Josep Maria"]
[Result "1/2-1/2"]
[WhiteElo "1603"]
[BlackElo "2221"]
[Annotator "Usuario"]
[PlyCount "90"]

1. e4 c5 2. Nf3 Nc6 3. d4 cxd4 4. Nxd4 Nf6 5. Nc3 d6 6. Bg5 e6 7. Nb3 a6 8. f4
Be7 9. Qf3 Qc7 10. O-O-O Bd7 11. Bd3 Nb4 12. Rhe1 Nxd3+ 13. Rxd3 Bc6 14. Qg3 h6
15. Bxf6 Bxf6 16. Nd5 exd5 17. exd5+ Kf8 18. dxc6 bxc6 19. c3 Kg8 20. Nd4 Kh7
21. Qf3 d5 22. Kb1 Rhe8 23. Rde3 Rxe3 24. Qxe3 a5 25. g4 g6 26. g5 hxg5 27.
fxg5 Bg7 28. Re2 c5 29. Nb3 d4 30. cxd4 cxd4 31. Nxd4 Rd8 32. Nb3 a4 33. Rc2
Qb7 34. Nc1 Rb8 35. b3 Qd7 36. Rd2 Qf5+ 37. Rd3 Rc8 38. Qh3+ Qxh3 39. Rxh3+ Kg8
40. b4 Rc4 41. a3 Be5 $11 42. Nd3 Rc3 43. Nf4 Rxh3 44. Nxh3 Bxh2 45. Kc2 Be5
1/2-1/2

[Event "Open Semana Santa 2023"]
[Site "?"]
[Date "2023.04.09"]
[Round "8.102"]
[White "IM Campos Gambuti, Luis Maria"]
[Black "Kocharyan Baghdasaryan, Arman"]
[Result "0-1"]
[WhiteElo "2311"]
[BlackElo "1881"]
[PlyCount "64"]

1. d4 Nf6 2. Nf3 g6 3. g3 Bg7 4. Bg2 d6 5. O-O O-O 6. b3 Nbd7 7. Bb2 c6 8. Nbd2
Qc7 9. e4 e5 10. h3 Re8 11. Re1 a5 12. a4 b6 13. Nc4 Ba6 14. Nxd6 Qxd6 15. dxe5
Qc7 16. exf6 Nxf6 17. Nd4 Rad8 18. Qf3 Qe5 19. Qc3 Nh5 20. f4 Qxd4+ 21. Qxd4
Bxd4+ 22. Bxd4 Rxd4 23. Re3 Red8 24. e5 Rd1+ 25. Rxd1 Rxd1+ 26. Kh2 Rd2 27. c4
c5 28. Kg1 Bc8 29. Bf1 Ng7 30. g4 h5 31. Be2 hxg4 32. hxg4 Rd4 0-1